Southville International School and Colleges
Your cart is empty.
  • Cart
  • Lists
    Public lists Eva Luna New books Lux_list list_1
    Your lists Log in to create your own lists
  • Log in to your account
  • Your cookies
  • Search history
Southville International School and Colleges
  • Advanced search
  • Recent comments
  • Most popular
  • Libraries

Log in to your account

Log in with GOOGLE


If you do not have an external account, but do have a local account, you can still log in:

  1. Home
  2. MARC view: Fundamental concepts and skills for nursing /
Normal view MARC view ISBD view

Fundamental concepts and skills for nursing / (Record no. 23920)

[ view plain ]
MARC details
000 -LEADER
fixed length control field 00582nam a2200205 a 4500
005 - DATE AND TIME OF LATEST TRANSACTION
control field 20140310183501.0
008 - FIXED-LENGTH DATA ELEMENTS--GENERAL INFORMATION
fixed length control field 100303s19uu xx 00 eng d
020 ## - INTERNATIONAL STANDARD BOOK NUMBER
International Standard Book Number 978-1-4160-5228-9
050 ## - LIBRARY OF CONGRESS CALL NUMBER
Classification number RT 41
Item number .D517 2009
100 ## - MAIN ENTRY--PERSONAL NAME
Personal name deWit, Susan C.
245 ## - TITLE STATEMENT
Title Fundamental concepts and skills for nursing /
Statement of responsibility, etc Susan C. deWit.
250 ## - EDITION STATEMENT
Edition statement 3rd. ed.
260 ## - PUBLICATION, DISTRIBUTION, ETC. (IMPRINT)
Place of publication, distribution, etc India :
Name of publisher, distributor, etc Elsevier,
Date of publication, distribution, etc c2009.
300 ## - PHYSICAL DESCRIPTION
Extent 964 p. :
Other physical details ill. ;
Dimensions 28 cm.
521 ## - TARGET AUDIENCE NOTE
Target audience note
650 ## - SUBJECT ADDED ENTRY--TOPICAL TERM
Topical term or geographic name as entry element Nursing skills.
650 ## - SUBJECT ADDED ENTRY--TOPICAL TERM
Topical term or geographic name as entry element Nursing care. 3. Practical nursing.
942 ## - ADDED ENTRY ELEMENTS (KOHA)
Koha item type Books
Source of classification or shelving scheme Library of Congress Classification
Call number prefix Foreign
Holdings
Withdrawn status Lost status Source of classification or shelving scheme Damaged status Home library Current library Shelving location Date acquired Source of acquisition Total Checkouts Full call number Barcode Date last seen Copy number Price effective from Koha item type
    Library of Congress Classification   College Library College Library General Circulation Section 03/03/2010 Donation   RT 41 .D517 2009 C11155 05/15/2018 1 03/10/2014 Books

Fundamental concepts and skills for nursing /

APA

deWit S. C., . (2009). Fundamental concepts and skills for nursing. India: Elsevier.

Chicago

deWit Susan C, . 2009. Fundamental concepts and skills for nursing. India: Elsevier.

Harvard

deWit S. C., . (2009). Fundamental concepts and skills for nursing. India: Elsevier.

MLA

deWit Susan C, . Fundamental concepts and skills for nursing. India: Elsevier. 2009.

  • Place hold
  • Print
  • Cite
  • Add to your cart (remove)
  • Save record
    BIBTEX Dublin Core MARCXML MARC (non-Unicode/MARC-8) MARC (Unicode/UTF-8) MARC (Unicode/UTF-8, Standard) MODS (XML) RIS
  • More searches
    Search for this title in:
    Other Libraries (WorldCat) Other Databases (Google Scholar) Online Stores (Bookfinder.com) Open Library (openlibrary.org)

Exporting to Dublin Core...

SOUTHVILLE LIBRARY

Southville International School and Colleges Library

1281 Tropical Ave. Cor. Luxembourg St., BF Homes International, Las Pinas City

Tel. No. 8256374 / 252358 Loc. 117/146

Powered by Koha